|
|
|
|
| LEADER |
00000nab a2200000 a 4500 |
| 001 |
vtls001012762 |
| 003 |
SK-MaSNL |
| 005 |
20260303042216.0 |
| 008 |
040720e20040521xo 0 slo |
| 035 |
|
|
|a RV13362
|
| 040 |
|
|
|a RVGKPD
|b slo
|c RVGKPD
|e AACR2
|
| 041 |
0 |
|
|a slo
|
| 044 |
|
|
|a xo
|c SK
|
| 080 |
|
|
|a 796.33
|2 1981
|
| 100 |
1 |
|
|a Podolinský, Peter,
|d 1974-
|4 aut
|9 872876
|
| 245 |
1 |
0 |
|a Mladí rožňavskí basketbalisti si zo žilinského Bademu doniesli bronzové medaily
|
| 300 |
|
|
|b 1 foto
|
| 650 |
0 |
7 |
|a basketbal
|2 RVGKPD
|9 3290
|
| 650 |
0 |
7 |
|a turnaje
|2 RVGKPD
|9 29773
|
| 651 |
|
7 |
|a Žilina (Slovensko)
|2 RVGKPD
|9 28812
|
| 651 |
|
7 |
|a Rožňava (Slovensko)
|2 RVGKPD
|9 17394
|
| 773 |
0 |
8 |
|t Gemerský denník
|g Roč. 6, č.116, 21.5.2004, s. 12
|
| 852 |
|
|
|a ZVYKNI
|b KIS3GCP
|
| 999 |
|
|
|c 1690959
|d 1692889
|